Základy rádiochémie

Bibliographic Details
Main Author: Varga, Štefan, 1923-2006 (Author)
Format: Book
Language:Slovak
PhysicalDescription:102, [1] s. ilustr. 4°
Published: Bratislava Slovenské vydavateľstvo technickej literatúry 1960
Series:Dočasné vysokoškolské učebnice
Subjects:

MARC

LEADER 00000cam a2200000 a 4500
001 vtls008319698
003 SK-MaSNL
005 20260301052919.0
008 181127s1960 xo a f np 000 0 slo
015 |a SNBA1960/05-00669 
035 |a SK01SNK19600011915 
035 |a SKM000014378 
040 |a SNK  |b slo  |c SNK  |e AACR2 
041 0 |a slo 
044 |a xo  |c SK 
080 |a 541.15  |2 1981 
100 1 |a Varga, Štefan,  |d 1923-2006  |4 aut  |9 219033 
245 1 0 |a Základy rádiochémie  |c Štefan Varga 
260 |a Bratislava  |b Slovenské vydavateľstvo technickej literatúry  |c 1960 
300 |a 102, [1] s.  |b ilustr.  |c 4° 
366 |e 420 výtl. 
490 1 |a Dočasné vysokoškolské učebnice  |v zv. 420 
504 |a Obsahuje bibliografiu 
650 0 7 |a rádiochémia  |2 SNKPH  |9 73591 
655 7 |a učebnice vysokých škôl  |2 SNKPH  |9 70191 
830 0 |a Dočasné vysokoškolské učebnice  |9 278602 
958 |a OND 
958 |a RK 
958 |a UV 
958 |a NB 
999 |c 606949  |d 608879 
952 |a SNK  |b SNK  |y PREZ  |7 0  |o snkSB 6271  |0 0  |1 0  |4 0  |d 2022-03-31  |l 0  |r 2026-02-23 16:12:09  |w 2026-02-23